000 01200nam a2200325 a 4500
001 000108742
003 CHAP
005 20220329144023.0
008 140307s2012 mx a sm |||||||spa d
010 _a105204
011 _a106176
040 _cCHAP
090 _aTesis
100 1 _aSánchez Sánchez, Marisela
_9125778
245 1 0 _aEstudio florístico ecológico y manejo químico de la maleza en cafeto en Huatusco, Veracruz
_h[En línea]
_cpor Marisela Sánchez Sánchez.
260 _aChapingo, Méx. :
_bEl autor.,
_c2012.
500 _aPara ver el contenido del material haga clic en la liga
502 _aTesis (M.C. en Protección Vegetal) -- UACH. Departamento de Parasitología Agrícola
590 _aBATCH-UPD
_b05
_c20140324
_lUCH01
_h1536
590 _aBATCH-UPD
_b05
_c20141002
_lUCH01
_h0857
590 _aE5652GLJ
_b05
_c20140307
_lUCH01
_h1120
590 _aE5652GLJ
_b05
_c20140307
_lUCH01
_h1120
590 _aE5652GLJ
_b05
_c20141029
_lUCH01
_h1119
650 1 4 _aCafé
_xMalas hierbas
_xControl.
_917167
650 1 4 _aCafé
_xVariedades.
_917208
856 _aFinding aid
_uhttp://10.13.5.2/tesis/sist108742.pdf
_zTeclea aquí
901 _aBK
942 _cTESIS
942 _n0
999 _c105204
_d105204